Textiles and industrial transition in Japan
Providing the fullest English-language account of Japanese textiles, Dennis L. McNamara explores the entire sweep of the industry, from the factory to the high-fashion brokerage to the policymaking circle. Tracing the strategies by which the textile industry has survived, he provides a distinctive v...
Kaydedildi:
| Yazar: | |
|---|---|
| Materyal Türü: | Kitap |
| Dil: | Undetermined |
| Baskı/Yayın Bilgisi: |
Ithaca
Cornell University Press
1995
|
| Konular: | |
| Etiketler: |
Etiketle
Etiket eklenmemiş, İlk siz ekleyin!
|
| Thư viện lưu trữ: | Trung tâm Học liệu Trường Đại học Cần Thơ |
|---|
| LEADER | 02019nam a2200217Ia 4500 | ||
|---|---|---|---|
| 001 | CTU_220378 | ||
| 008 | 210402s9999 xx 000 0 und d | ||
| 020 | |c 7.99 | ||
| 082 | |a 338.47677 | ||
| 082 | |b M169 | ||
| 100 | |a McNamara, Dennis L. | ||
| 245 | 0 | |a Textiles and industrial transition in Japan | |
| 245 | 0 | |c Dennis L. McNamara | |
| 260 | |a Ithaca | ||
| 260 | |b Cornell University Press | ||
| 260 | |c 1995 | ||
| 520 | |a Providing the fullest English-language account of Japanese textiles, Dennis L. McNamara explores the entire sweep of the industry, from the factory to the high-fashion brokerage to the policymaking circle. Tracing the strategies by which the textile industry has survived, he provides a distinctive view of Japanese capitalism in a climate of change. McNamara reconstructs a world riven by the competing interests of state and capital, firm and industry, labor and management, mill and merchant. We encounter giant "mogul" companies and upstart independent "mavericks" - such firms as Toray, Toyobo, Itochu, Tsuzuki, Kondobo, Onward, and Renown - all hustling to restructure for survival.Drawing on extensive interview data as well as recent Japanese and English-language work in political economy and social anthropology, McNamara describes a dynamic of competition between moguls and mavericks in a turbulent business torn by divisions but bound together by compromise. He finds that, despite enormous international pressures, the industry has maintained much of its market share, largely because state bureaucrats and leaders of major firms have managed to create a cooperative politics of adjustment. A corporatist structuring of interests, he concludes, has helped to moderate decline and maintain stability, permitting survival among the moguls without preventing the successful participation of mavericks. | ||
| 650 | |a Ngành dệt may,Textile industry | ||
| 650 | |z Nhật Bản,Japan | ||
| 904 | |i Gia Linh,Hải | ||
| 980 | |a Trung tâm Học liệu Trường Đại học Cần Thơ | ||